[Event "JUG-ch"]
[Site "Banja Vrucica"]
[Date "1991.??.??"]
[Round "?"]
[White "Ilincic, Zlatko"]
[Black "Vujadinovic, Goran"]
[Result "1-0"]
[WhiteElo "2470"]
[BlackElo "2360"]

1.d4 d6 2.e4 g6 3.Nc3 Bg7 4.Nf3 Nf6 5.h3 O-O 6.Be3 c6 7.a4 Na6 8.Be2 Nc7
9.O-O b6 10.Nd2 Bb7 11.f4 e6 12.Bf3 Qe7 13.g4 Nd7 14.Ne2 c5 15.c3 f5 16.dxc5 Nxc5
17.Ng3 fxe4 18.Ndxe4 Nd5 19.Bc1 Nxf4 20.Nxc5 Nxh3+ 21.Kg2 Bxf3+ 22.Rxf3 Rxf3
23.Qxf3 Rf8 24.Qe4 bxc5 25.Kxh3 Rf2 26.Bf4 d5 27.Qe3 Rxb2 28.Be5 h6 29.Rh1 Qg5
30.Bf4 Qf6 31.Bxh6 c4 32.Bxg7 Kxg7 33.Rf1 Qe7 34.Qe5+ Kg8 35.Ne2 g5 36.Rf6 Qh7+
37.Kg2 Qe4+ 38.Qxe4 dxe4 39.Kf2 Ra2 40.Rxe6 Rxa4 41.Rg6+ Kf7 42.Rxg5  1-0

[Event "JUG-ch"]
[Site "Banja Vrucica"]
[Date "1991.??.??"]
[Round "?"]
[White "Barlov, Dragan"]
[Black "Strikovic, Aleksa"]
[Result "0-1"]
[WhiteElo "2505"]
[BlackElo "2495"]

1.d4 g6 2.e4 Bg7 3.Nc3 d6 4.Be3 Nf6 5.Be2 c6 6.a4 Qa5 7.Qd3 Na6 8.Bf3 e5
9.Ne2 O-O 10.O-O Re8 11.Nc1 Be6 12.Qd1 Nb4 13.Qd2 Qc7 14.h3 a5 15.Nd3 Bc4
16.Rfd1 Rad8 17.Qc1 exd4 18.Bxd4 d5 19.exd5 Bxd3 20.cxd3 Nfxd5 21.Bxg7 Kxg7
22.Nxd5 Nxd5 23.d4 Qb6 24.Qd2 Rd6 25.Rac1 Nb4 26.Rc4 Qd8 27.Re1 Rxd4 28.Rxd4 Rxe1+
29.Qxe1 Qxd4 30.Qe7 Nd3 31.Qxb7 Qxf2+ 32.Kh2 Ne5 33.Bxc6 Qf4+ 34.Kh1 Qc1+
35.Kh2 Qxc6  0-1

[Event "BUL-ch (Women)"]
[Site "Bankia"]
[Date "1991.??.??"]
[Round "1"]
[White "Koen, Maja"]
[Black "Georgieva, Emilia"]
[Result "1-0"]
[WhiteElo "2195"]
[BlackElo "2065"]

1.d4 d6 2.e4 g6 3.Nc3 Bg7 4.h3 Nf6 5.Nf3 O-O 6.Be3 a6 7.a4 b6 8.Be2 Bb7 9.Nd2 c5
10.d5 e6 11.Bf3 exd5 12.exd5 Nbd7 13.Nc4 Ne5 14.Be2 Nxc4 15.Bxc4 Re8 16.O-O Ne4
17.Nxe4 Rxe4 18.Qd3 f5 19.c3 Qh4 20.b3 Rae8 21.Rae1 a5 22.f3 R4e5 23.Bf2 Qf6
24.Rxe5 Rxe5 25.b4 Kf8 26.bxa5 bxa5 27.Rb1 Re7 28.Rb5 Bc8 29.Rb8 Re8 30.Bb5 Rd8
31.Qe2 Qxc3 32.Ba6 Qa1+ 33.Qe1 Qxe1+ 34.Bxe1 Bd4+ 35.Bf2 Bxf2+ 36.Kxf2 Bxa6
37.Rxd8+ Ke7 38.Ra8 Bc4 39.Rxa5 h5 40.Ra7+ Kf6 41.f4 Bxd5 42.g3 Be4 43.a5 c4
44.Rc7 Bd5 45.Ke3  1-0

[Event "BUL-chT"]
[Site "Bankia"]
[Date "1991.??.??"]
[Round "3"]
[White "Djonev, Svetozar"]
[Black "Peev, Peicho Chonev"]
[Result "0-1"]
[WhiteElo "2225"]
[BlackElo "2400"]

1.e4 g6 2.d4 Bg7 3.Nc3 d6 4.f4 Nf6 5.Nf3 c5 6.Bb5+ Bd7 7.e5 Ng4 8.e6 Bxb5
9.exf7+ Kd7 10.Nxb5 Qa5+ 11.Nc3 cxd4 12.Nxd4 Bxd4 13.Qxd4 Nc6 14.Qd1 h5 15.h3 Nh6
16.Bd2 Qf5 17.O-O Rhf8 18.Ne2 Qc5+ 19.Kh1 Rxf7 20.b4 Qc4 21.Rf3 Nf5 22.Rb1 Rc8
23.b5 Ncd4 24.Nxd4 Nxd4 25.Rc3 Qe2 26.Rxc8 Qxd1+ 27.Rxd1 Kxc8 28.c4 b6 29.g3 Kd7
30.Kg2 Rf8 31.g4 hxg4 32.hxg4 Rc8 33.Rc1 Ne6 34.a4 Nc5 35.Be3 Nxa4 36.Rc2 e6
37.Kg3 d5 38.Kh4 Rxc4 39.Rxc4 dxc4 40.Kg5 Nc3 41.Kxg6 Nxb5  0-1

[Event "BUL-chT"]
[Site "Bankia"]
[Date "1991.??.??"]
[Round "6"]
[White "Mollov, Elin"]
[Black "Peev, Peicho Chonev"]
[Result "0-1"]
[WhiteElo "2400"]
[BlackElo "2400"]

1.d4 g6 2.e4 Bg7 3.Nc3 d6 4.Nf3 c6 5.a4 a5 6.Be3 Nd7 7.Qd2 Qc7 8.Bc4 Ngf6
9.O-O O-O 10.Bb3 Nb6 11.h3 d5 12.Bf4 Qd8 13.Rfe1 Ne8 14.Bh6 Nc7 15.Bxg7 Kxg7
16.Re2 h6 17.Rae1 Be6 18.Ne5 Nd7 19.Qf4 dxe4 20.Nxd7 Qxd7 21.Qe5+ Kh7 22.Rxe4 Bxb3
23.cxb3 e6 24.Rh4 f5 25.g4 Qd8 26.gxf5 Qxh4 27.Qxc7+ Kg8 28.Rxe6 Qg5+ 29.Qg3 Qxg3+
30.fxg3 gxf5 31.Rxh6 Rad8 32.Rh4 Kg7 33.Rf4 Kg6 34.Kf2 Rh8 35.h4 Rhe8 36.g4 fxg4
37.Kg3 Re3+ 38.Kxg4 Rd3 39.h5+ Kh6 40.Ne2 Rg8+ 41.Kh4 Re3 42.Rf6+ Kh7 43.Nf4 Re4
44.h6 Re1 45.b4 Rh1+ 46.Nh3 axb4 47.d5 Rg6 48.Rf7+ Kxh6 49.Rxb7 Rg5 50.dxc6 Rh5+
51.Kg4 R5xh3 52.c7 Rh4+ 53.Kf3 Rc4 54.Rxb4 Rxc7 55.Rb6+ Kg7 56.b4 Rh4  0-1

[Event "Belgrade op"]
[Site "Belgrade"]
[Date "1991.??.??"]
[Round "?"]
[White "Grujic, Lazar"]
[Black "Nikolic, Sava N"]
[Result "1-0"]
[WhiteElo "2365"]
[BlackElo "2370"]

1.e4 g6 2.d4 Bg7 3.Nc3 d6 4.f4 Nf6 5.Nf3 c5 6.Bb5+ Bd7 7.Bxd7+ Nfxd7 8.d5 O-O
9.O-O Na6 10.Qe2 Nc7 11.a4 e6 12.dxe6 Nxe6 13.Nb5 Qe7 14.c3 a6 15.Na3 Nc7
16.Qd3 Nf6 17.Re1 Rad8 18.f5 Rfe8 19.Bg5 h6 20.Bxf6 Qxf6 21.fxg6 fxg6 22.Nc4 g5
23.Ne3 Ne6 24.Nd5 Qg6 25.g3 Rd7 26.Kg2 Rf7 27.Rf1 Nc7 28.Nd2 Ref8 29.Nxc7 Rxc7
30.Qd5+ Rff7 31.Nc4 Bf8 32.a5 Kh7 33.Rad1 Qh5 34.Rde1 Kg7 35.h3 Rxf1 36.Rxf1 Rf7
37.g4 Qg6 38.Rf5 Rxf5 39.exf5 Qf7 40.Ne3 Qc7 41.Qe6 Qc6+ 42.Nd5 Qb5 43.f6+ Kh8
44.Kf2 Qxb2+ 45.Kf3 Qb3 46.Kg3 Qc4 47.Kf2 Qa2+ 48.Kf3 Qb3 49.Qe4 Qd1+ 50.Kg2 Qd2+
51.Kg3 Qc1 52.c4 Qg1+ 53.Kf3 Qh1+ 54.Ke3 Qxh3+ 55.Kd2 Qh2+ 56.Kd3 Qg1 57.Kc2 Qd4
58.Qe8 Qxc4+ 59.Nc3 Qg8 60.Nd5 h5 61.Kc3 Bh6 62.Qxh5 Qh7 63.Ne7 Bf8 64.Ng6+ Kg8
65.Qxh7+ Kxh7 66.Nxf8+ Kg8 67.Nd7 Kf7 68.Kc4 Ke6 69.Nb6 Kxf6 70.Kd5  1-0

[Event "Belgrade op"]
[Site "Belgrade"]
[Date "1991.??.??"]
[Round "?"]
[White "Kurtenkov, Atanas"]
[Black "Nikolic, Sava N"]
[Result "1/2-1/2"]
[WhiteElo "2365"]
[BlackElo "2370"]

1.d4 g6 2.e4 Bg7 3.Nc3 d6 4.g3 Nc6 5.Be3 e5 6.dxe5 Nxe5 7.f4 Bg4 8.Qc1 Nf3+
9.Nxf3 Bxf3 10.Bb5+ c6 11.O-O Bg4 12.Be2 Bxe2 13.Nxe2 Nf6 14.Nc3 Ng4 15.Qd2 Nxe3
16.Qxe3 Qb6 17.Qxb6 axb6 18.Rf3 b5 19.a3 b4 20.Nd1 Kd7 21.Rb3 c5 22.Rb1 Rhe8
23.Nf2 Bd4 24.Kf1 Bxf2 25.Kxf2 Rxe4 26.axb4 Rxb4 27.Rxb4 cxb4 28.Ke3 Re8+
29.Kd2 h5 30.Ra1 Re4 31.Ra7 Kc6 32.Ra8 h4 33.Rf8 hxg3 34.hxg3 Re7 35.Ra8 Kd5
36.Ra4 Ke4 37.Ke2 Kd4+ 38.Kd2 Kc5 39.Ra5+ Kc6 40.Ra4 Re4 41.Ra8 d5 42.Rf8 Re7
43.Rd8 Rd7 44.Ra8 Kd6 45.Ra4 Kc5 46.Ra5+ Kd4 47.Ra4 Ke4 48.Rxb4+ Kf3 49.Rb3+ Kg4
50.Rd3 d4 51.Kc1 Re7 52.Kd2 f5 53.Rxd4 Kxg3 54.c4 g5 55.fxg5 f4 56.g6 f3
57.Rd5 f2 58.Rf5 Kg2 59.Rg5+ Kh3 60.Rf5 Kg2 61.Rg5+ Kh2 62.Rf5 Kg1 63.Rg5+ Kh2
64.Rf5 Kg2 65.Rg5+ Kh3 66.Rf5 Kg2 67.Rg5+ Kh1 68.Rh5+ Kg1 69.Rg5+ Kh2 70.Rf5 Kg2
71.Rg5+ Kh3 72.Rf5 Kg2 73.Rg5+ Kh3 74.Rf5 Kg2  1/2-1/2

[Event "Belgrade-C"]
[Site "Belgrade"]
[Date "1991.??.??"]
[Round "5"]
[White "Ziatdinov, Raset"]
[Black "Todorcevic, Miodrag"]
[Result "1-0"]
[WhiteElo "2515"]
[BlackElo "2480"]

1.e4 g6 2.d4 Bg7 3.Nc3 d6 4.Be3 c6 5.Qd2 Nd7 6.h4 h5 7.Nh3 b5 8.f4 Nb6 9.b3 Nf6
10.Bd3 Ng4 11.f5 b4 12.Ne2 gxf5 13.O-O fxe4 14.Bxe4 Nd5 15.Bxd5 cxd5 16.Rae1 Qb6
17.Bg5 Be6 18.Nhf4 O-O-O 19.Bxe7 Rd7 20.Bg5 Kb7 21.Rd1 Rc7 22.c3 Rhc8 23.Rf3 Ne5
24.Re3 Nc6 25.cxb4 Nxb4 26.Nxe6 fxe6 27.Rxe6 Rc2 28.Qf4 Be5 29.Qf2 Bh8 30.Qf7+ Ka8
31.Qxh5 Nxa2 32.Re8 Bg7 33.Rxc8+ Rxc8 34.Qf3 Nb4 35.h5 Rf8 36.Qe3 Nc6 37.h6 Bh8
38.Rf1 Rb8 39.Bf6 Bxf6 40.Rxf6 Ne5 41.Qf4 Qa6 42.Ng3 Nd7 43.Rxd6 Nb6 44.Rf6 Qa3
45.h7  1-0

[Event "Belgrade-B"]
[Site "Belgrade"]
[Date "1991.??.??"]
[Round "5"]
[White "Zakic, Srdjan"]
[Black "Nikolic, Sava N"]
[Result "1-0"]
[WhiteElo "2350"]
[BlackElo "2370"]

1.e4 g6 2.d4 Bg7 3.Nc3 d6 4.Be3 Nc6 5.h3 e5 6.dxe5 dxe5 7.Qxd8+ Kxd8 8.O-O-O+ Bd7
9.Bc4 f6 10.Be6 Nd4 11.Bxd7 Kxd7 12.Bxd4 exd4 13.Rxd4+ Ke8 14.Nf3 Rd8 15.Nb5 Bh6+
16.Kb1 Bf4 17.Rxd8+ Kxd8 18.Rd1+ Ke7 19.Nxa7 Nh6 20.g3 Bd6 21.Nb5 Nf7 22.Nxd6 Nxd6
23.Re1 h5 24.h4 Nf7 25.e5 Rd8 26.exf6+ Kxf6 27.a4 Rd7 28.b3 Kf5 29.Kb2 Nd6
30.Ng5 b5 31.axb5 Nxb5 32.Re8 Kf6 33.Rf8+ Kg7 34.Ne6+ Kh7 35.Rb8  1-0

[Event "Belgrade-C"]
[Site "Belgrade"]
[Date "1991.??.??"]
[Round "8"]
[White "Marinkovic, Ivan"]
[Black "Todorcevic, Miodrag"]
[Result "1-0"]
[WhiteElo "2455"]
[BlackElo "2480"]

1.e4 g6 2.d4 Bg7 3.Nc3 d6 4.Be3 c6 5.a4 a5 6.h3 Nf6 7.Nf3 O-O 8.Be2 Nbd7
9.Nd2 d5 10.e5 Ne8 11.f4 Nc7 12.Nf3 f6 13.O-O fxe5 14.fxe5 b6 15.Nb1 Ne6
16.Qd2 c5 17.c3 Bb7 18.Na3 Bc6 19.b3 Qc7 20.h4 Kh8 21.Ng5 Nxg5 22.Bxg5 Rxf1+
23.Rxf1 Rf8 24.h5 Rxf1+ 25.Bxf1 gxh5 26.Qe2 Nf8 27.Qxh5 Ng6 28.Qf3 Qd8 29.Bb5 Bxb5
30.Nxb5 h6 31.Be3 Qd7 32.Qh3 Qxh3 33.gxh3 cxd4 34.cxd4 e6 35.Nc7 Nf8 36.Na8 Nd7
37.Nc7 Nf8 38.Bf2 Kg8 39.Bh4 Kf7 40.Bd8 Ng6 41.Nb5 Bf8 42.Nd6+ Bxd6 43.exd6 Ke8
44.Bxb6 Nf4 45.Kf2 Kd7  1-0

[Event "Belgrade-A"]
[Site "Belgrade"]
[Date "1991.??.??"]
[Round "11"]
[White "Marinkovic, Ivan"]
[Black "Raicevic, Vladimir"]
[Result "1-0"]
[WhiteElo "2455"]
[BlackElo "2440"]

1.e4 d6 2.d4 g6 3.Nc3 Bg7 4.Be3 Nc6 5.h3 e5 6.Nf3 Nf6 7.dxe5 Nxe5 8.Nxe5 dxe5
9.Qxd8+ Kxd8 10.O-O-O+ Nd7 11.Bc4 f6 12.Nb5 a6 13.Na7 Ke7 14.Bd5 c6 15.Bb3 h5
16.Nxc8+ Raxc8 17.h4 Bh6 18.Bxh6 Rxh6 19.c3 Nc5 20.Bc2 a5 21.Kd2 Rd8+ 22.Ke3 Rxd1
23.Rxd1 Rh8 24.g3 b5 25.f4 b4 26.f5 Rg8 27.fxg6 Rxg6 28.Kf3 Rg8 29.cxb4 axb4
30.Bb3 Rg4 31.Re1 Ke8 32.Re2 Ke7 33.Re1 Rg7 34.Rc1 Kd6 35.Rd1+ Kc7 36.Rc1 Kb6
37.Rd1 Nb7 38.Be6 Kc7 39.Rc1 Kd6 40.Bf5 Nc5 41.Rd1+ Kc7 42.g4 hxg4+ 43.Kg3 Nb7
44.h5 Nd6 45.Bg6 Kd7 46.Kxg4 c5 47.b3 Ke7 48.Kf3 Ke6 49.Rg1 Ra7 50.h6 Ra8
51.h7 Rh8 52.Kg4 Nf7 53.Kh5 Ng5 54.Kh6 Ra8 55.Rd1 Nxh7 56.Bxh7 Rxa2 57.Bf5+ Ke7
58.Rd7+ Ke8 59.Kg6 Rf2 60.Rc7 Kd8 61.Rxc5 Ke7 62.Rc7+ Kd6 63.Rc4 Ke7 64.Rxb4  1-0

[Event "Berliner Sommer"]
[Site "Berlin"]
[Date "1991.??.??"]
[Round "?"]
[White "Tischbierek, Raj"]
[Black "McNab, Colin Anderson"]
[Result "1-0"]
[WhiteElo "2480"]
[BlackElo "2425"]

1.e4 g6 2.d4 d6 3.Nc3 Bg7 4.f4 Nc6 5.d5 Nd4 6.Bd3 c6 7.Nge2 Qb6 8.Nxd4 Bxd4
9.Bd2 Bd7 10.Na4 Qc7 11.c3 Bg7 12.c4 Bd4 13.Bc3 Bxc3+ 14.Nxc3 Nf6 15.Qd2 cxd5
16.cxd5 Qc5 17.Qf2 Rc8 18.Qxc5 Rxc5 19.Kd2 a5 20.a3 a4 21.Rac1 O-O 22.Ne2 Rfc8
23.Rxc5 Rxc5 24.Rc1 Rxc1 25.Nxc1 Kg7 26.Ne2 Kh6 27.h3 Kh5 28.Ke3 g5 29.Nc3 h6
30.Bc2 Kh4 31.Kf3 g4+ 32.hxg4 Bxg4+ 33.Kf2 Bd7 34.Kf3 Bg4+ 35.Kf2 Bd7 36.g3+ Kh3
37.Bd1 e6 38.dxe6 fxe6 39.Bf3 Bc6 40.e5 dxe5 41.Bxc6 bxc6 42.Nxa4 Ng4+ 43.Kf3 e4+
44.Kxe4 Kxg3 45.Nc5 h5 46.Nxe6 h4 47.Ng5 Nf6+ 48.Kf5 Nh7 49.a4 Kf2 50.Nxh7 h3
51.Nf6  1-0

[Event "Bern op"]
[Site "Bern"]
[Date "1991.??.??"]
[Round "8"]
[White "Arakhamia, Ketevan"]
[Black "Ditzler, Juerg"]
[Result "1-0"]
[WhiteElo "2440"]
[BlackElo "2270"]

1.e4 g6 2.d4 d6 3.Nc3 Bg7 4.f4 c6 5.Nf3 d5 6.e5 h5 7.Be3 Nh6 8.h3 a5 9.Bd3 b5
10.Bf2 Na6 11.Ng5 Nf5 12.O-O e6 13.g4 Ne7 14.Kg2 Bh6 15.Bh4 Bxg5 16.Bxg5 Qb6
17.Be2 h4 18.Bf3 b4 19.Ne2 c5 20.c3 Bd7 21.a3 Rc8 22.dxc5 Nxc5 23.axb4 axb4
24.Qd4 Nc6 25.Qf2 Qb5 26.Nd4 Nxd4 27.cxd4 Ne4 28.Bxe4 dxe4 29.Rfc1 e3 30.Qxe3 Bc6+
31.Kh2 Qd5 32.Qf2 Ra8 33.Rxa8+ Bxa8 34.Bf6 O-O 35.Bxh4 Bc6 36.f5 exf5 37.gxf5 Bd7
38.Rg1 Qe4 39.Bf6 Rc8 40.Rg4 Rc2 41.Rxe4 Rxf2+ 42.Kg3 Rxf5 43.d5 Rf1  1-0

[Event "Biel op (Women)"]
[Site "Biel"]
[Date "1991.??.??"]
[Round "1"]
[White "Gurieli, Nino"]
[Black "Reicher, Rodica"]
[Result "1-0"]
[WhiteElo "2365"]
[BlackElo "2075"]

1.e4 g6 2.d4 Bg7 3.Nc3 d6 4.Be3 c6 5.Qd2 Nd7 6.Be2 Ngf6 7.a4 O-O 8.Nf3 e5
9.O-O Qc7 10.Rfd1 Re8 11.dxe5 dxe5 12.h3 a5 13.Bc4 Nf8 14.Bc5 Be6 15.Bd6 Qb6
16.Nxe5 Bxc4 17.Nxc4 Qa6 18.Qd3 Ne6 19.Ne3 Qxd3 20.Rxd3 Nd7 21.f3 Ndc5 22.Rdd1 Na6
23.e5 Nb4 24.Ne4 Nf4 25.c3 Nbd5 26.Ng4 h5 27.Ngf6+ Bxf6 28.exf6 Ne6 29.Kf2 Kh7
30.Rd2 g5 31.c4 Nb6 32.b3 Kg6 33.Be7 Rab8 34.Re1 Nc8 35.Nd6 Nxd6 36.Rxd6 Rbc8
37.Re5 b6 38.g3 Nc5 39.Re3 Ne6 40.Rd7 Rc7 41.Rxc7 Nxc7 42.Rd3 Ne6 43.Rd7 Nc5
44.Rc7 Nxb3 45.Rxc6 Rb8 46.g4 hxg4 47.hxg4 Nd4 48.Rd6 Ne6 49.Ke3 Nc5 50.f4 gxf4+
51.Kxf4 Ne6+ 52.Ke5 Nc5 53.Rd5 Nxa4 54.Kf4 Nc5 55.Rg5+ Kh7 56.Rg7+ Kh8 57.Rxf7 Ne6+
58.Kf5 Nd4+ 59.Kg6 Rg8+ 60.Kh6  1-0

[Event "Biel Mixed"]
[Site "Biel"]
[Date "1991.??.??"]
[Round "3"]
[White "Campora, Daniel H"]
[Black "Todorcevic, Miodrag"]
[Result "1-0"]
[WhiteElo "2510"]
[BlackElo "2435"]

1.e4 g6 2.d4 Bg7 3.Nc3 d6 4.f4 Nf6 5.Nf3 O-O 6.Be3 Nbd7 7.Qd2 c5 8.O-O-O b5
9.Bxb5 Rb8 10.Bxd7 Qxd7 11.e5 Qb7 12.b3 Ng4 13.dxc5 dxe5 14.fxe5 Qa6 15.Kb1 Bb7
16.Bd4 Rfd8 17.Qf4 Bxf3 18.gxf3 Nh6 19.Qe4 Nf5 20.f4 Qa5 21.Kb2 Rb4 22.Nd5 Rxd4
23.Rxd4 Nxd4 24.Qxd4 e6 25.Qb4 Qxb4 26.Nxb4 g5 27.Nd3 gxf4 28.b4 f3 29.Rf1 f6
30.exf6 Bxf6+ 31.Kb3 e5 32.Rxf3 Kg7 33.Re3 Re8 34.Nf2 Bg5  1-0

[Event "Biel op (Women)"]
[Site "Biel"]
[Date "1991.??.??"]
[Round "4"]
[White "Botan, Madalina S"]
[Black "Gerlach, Manuela"]
[Result "1-0"]
[WhiteElo "2175"]
[BlackElo "2075"]

1.e4 g6 2.d4 Bg7 3.Nc3 d6 4.Be3 c6 5.h3 b5 6.Qd2 Nd7 7.f4 Nb6 8.Nf3 Nf6 9.Bd3 Qc7
10.O-O O-O 11.f5 Nc4 12.Bxc4 bxc4 13.Bh6 Nd7 14.Bxg7 Kxg7 15.Kh1 Nb6 16.Qf4 c5
17.Nh4 cxd4 18.Nb5 Qd8 19.Nxd4 Nd7 20.fxg6 hxg6 21.Nxg6 e5 22.Nf5+ Kxg6 23.Qh6+  1-0

[Event "Biel Mixed"]
[Site "Biel"]
[Date "1991.??.??"]
[Round "8"]
[White "Gallagher, Joseph G"]
[Black "Todorcevic, Miodrag"]
[Result "1-0"]
[WhiteElo "2520"]
[BlackElo "2435"]

1.e4 g6 2.d4 Bg7 3.Nc3 d6 4.Nf3 Nf6 5.Be3 c6 6.Qd2 b5 7.Bd3 a6 8.Bh6 O-O
9.e5 dxe5 10.dxe5 Bxh6 11.Qxh6 Ng4 12.Qf4 f6 13.h3 Nxe5 14.Nxe5 fxe5 15.Qxe5 Qd6
16.Qe2 Nd7 17.O-O-O Qf4+ 18.Kb1 Nc5 19.f3 Nxd3 20.Rxd3 Bf5 21.Re3 Rad8 22.g4 Bc8
23.h4 b4 24.Ne4 Rd5 25.Nf2 a5 26.Nd3 Qf6 27.h5 g5 28.h6 e6 29.Qh2 Qd8 30.b3 a4
31.bxa4 c5 32.Rc1 c4 33.Ne5 Qc7 34.Qe2 Ba6 35.Re4 Rf4 36.Re1 b3 37.Rxf4 gxf4
38.axb3 cxb3 39.c4 Qd6 40.Qb2 Rd1+ 41.Rxd1 Qxd1+ 42.Qc1 Qe2 43.Qc3 Qa2+ 44.Kc1 Qa3+
45.Qb2 Qc5 46.Qc3 Qa3+ 47.Kd1 Qxa4 48.Nd3 Qd7 49.Qxb3 Qd4 50.Kc2 Kf7 51.Qc3 Qxc3+
52.Kxc3 Kf6 53.Kd4 Kg5 54.Nc5 Bc8 55.Ke5 Kxh6 56.Kf6 e5 57.Nd3  1-0

[Event "Biel op"]
[Site "Biel"]
[Date "1991.??.??"]
[Round "10"]
[White "Zelcic, Robert"]
[Black "Sznapik, Aleksander"]
[Result "1-0"]
[WhiteElo "2410"]
[BlackElo "2465"]

1.e4 g6 2.d4 Bg7 3.Nc3 d6 4.f4 a6 5.Nf3 b5 6.Bd3 Bb7 7.O-O Nd7 8.e5 c5 9.Ng5 Qb6
10.Qe2 Nh6 11.e6 Bxd4+ 12.Kh1 Nf6 13.exf7+ Nxf7 14.f5 Ne5 15.Be4 Bxc3 16.Bxb7 Qxb7
17.bxc3 gxf5 18.Bf4 Nc4 19.Bg3 h6 20.Rxf5 hxg5 21.Rxf6 O-O-O 22.Rf7 Rd7 23.Qe6 Re8
24.a4 Kc7 25.Rf5 Kd8 26.axb5 axb5 27.Rxg5 Rc7 28.Rg7 Qc8 29.Qd5 Ne3 30.Qe4 Nf5
31.Rg5 Nxg3+ 32.Rxg3 Rf8 33.Rg7 Ra7 34.Re1 Qb7 35.Qh4 Re8 36.Qg5 Qe4 37.Rd1 Rd7
38.h3 Kc7 39.Qd2 e6 40.Qxd6+  1-0

[Event "Biel Mixed"]
[Site "Biel"]
[Date "1991.??.??"]
[Round "10"]
[White "Antonio, Rogelio Jr"]
[Black "Todorcevic, Miodrag"]
[Result "1-0"]
[WhiteElo "2495"]
[BlackElo "2435"]

1.e4 g6 2.d4 Bg7 3.Nc3 d6 4.f4 Nf6 5.Nf3 O-O 6.Be3 Nbd7 7.h3 c5 8.dxc5 Nxc5
9.Bxc5 dxc5 10.Qxd8 Rxd8 11.Bc4 b5 12.Nxb5 Nxe4 13.Ne5 Bxe5 14.fxe5 Ng3 15.Rg1 Nf5
16.Bd3 Rd5 17.O-O-O Rxe5 18.Rge1 Rxe1 19.Rxe1 Bb7 20.g4 a6 21.Nc3 Nd6 22.Rxe7 c4
23.Bxc4 Nxc4 24.Rxb7 Re8 25.Rd7 Re1+ 26.Rd1 Re3 27.Rd3 Re1+ 28.Nd1 Rh1 29.b3 Ne5
30.Re3 f6 31.a4 Kf7 32.b4 Ke6 33.a5 f5 34.b5 f4 35.Rc3 f3 36.Rxf3 axb5 37.a6 Nc6
38.Rb3 Kd6 39.Rxb5 Rxh3 40.Kb2 Rf3 41.Nc3 Rf4 42.g5 Rf5 43.Rxf5 gxf5 44.Nb5+ Ke5
45.a7 Nxa7 46.Nxa7 f4 47.Kc1 f3 48.Kd2 Kf4 49.Ke1 Kxg5 50.Kf2 Kf4 51.Nb5  1-0

[Event "CSR-ch"]
[Site "Bratislava"]
[Date "1991.??.??"]
[Round "2"]
[White "Lanc, Alois"]
[Black "Gazik, Igor"]
[Result "1-0"]
[WhiteElo "2470"]
[BlackElo "2395"]

1.e4 g6 2.d4 Bg7 3.Nc3 d6 4.f4 Nf6 5.Nf3 O-O 6.Bd3 Nc6 7.e5 dxe5 8.dxe5 Nd5
9.Nxd5 Qxd5 10.Qe2 Bg4 11.Be4 Qa5+ 12.Bd2 Qb6 13.c3 Qxb2 14.Rb1 Qxa2 15.Rxb7 Rab8
16.Rxc7 Rfd8 17.Bc1 Qa4 18.O-O Bd7 19.e6 fxe6 20.Bxc6 Qa5 21.Rxd7 Qc5+ 22.Nd4 Bxd4+
23.cxd4 Qxc6 24.Rxe7  1-0

[Event "CSR-ch"]
[Site "Bratislava"]
[Date "1991.??.??"]
[Round "7"]
[White "Tibensky, Robert"]
[Black "Rasik, Vitezslav"]
[Result "1/2-1/2"]
[WhiteElo "2385"]
[BlackElo "2410"]

1.d4 g6 2.e4 Bg7 3.Nc3 d6 4.g3 Nf6 5.h3 O-O 6.Bg2 e5 7.Nge2 Nc6 8.Be3 a6
9.a4 Rb8 10.O-O b5 11.axb5 axb5 12.Qd2 exd4 13.Nxd4 Nxd4 14.Bxd4 c5 15.Be3 b4
16.Ne2 Re8 17.f3 Qb6 18.Bf2 Ba6 19.Rfe1 d5 20.exd5 Red8 21.Nf4 Bb7 22.Nd3 Rbc8
23.Re2 Nxd5 24.Rae1 Qb5 25.Qc1 Ba6 26.Bf1 Qb8 27.Re4 b3 28.cxb3 Nf6 29.R4e3 Nh5
30.Nf4 Nxf4 31.Bxa6 Nxh3+ 32.Kg2 Nxf2 33.Bxc8 Qxc8 34.Kxf2 Bd4 35.Kg2 Bxe3
36.Rxe3 Qf5 37.Qc3 Qd5 38.Re2 Qd1 39.Qc2 Qd4 40.Qc3 Qd1 41.Qc2 Qd5 42.Qc3 h5
43.Rc2 Re8 44.Qc4 Qf5 45.Rd2 Re3 46.Rf2 Re1 47.Qc2 Qg5 48.Qd2 Re3 49.Re2 Rxe2+
50.Qxe2 h4 51.Qf2 hxg3 52.Qxg3 Qd2+ 53.Kh3 Qxb2 54.Qb8+ Kg7 55.Qd6 Qc3 56.Kg3 Kh6
57.Qb8 Qd4 58.Qf8+ Kg5 59.Qxf7 Qg1+  1/2-1/2

[Event "CSR-ch"]
[Site "Bratislava"]
[Date "1991.??.??"]
[Round "8"]
[White "Novak, Ivan"]
[Black "Plachetka, Jan"]
[Result "0-1"]
[WhiteElo "2300"]
[BlackElo "2425"]

1.e4 d6 2.d4 g6 3.Nc3 Bg7 4.Nf3 Nf6 5.Be2 O-O 6.O-O Bd7 7.Be3 Nc6 8.Qd2 e5
9.dxe5 dxe5 10.Rad1 Qc8 11.Qc1 a6 12.h3 Be6 13.Ng5 Bd7 14.Bc5 Rd8 15.f4 Be8
16.fxe5 Nxe5 17.Qf4 Rxd1 18.Rxd1 Ned7 19.e5 h6 20.exf6 hxg5 21.Qf2 Nxf6 22.Bf3 Bd7
23.g4 Bc6 24.Bxc6 bxc6 25.Bd4 Nxg4 26.hxg4 Qxg4+ 27.Kf1 Rd8  0-1

[Event "CSR-ch"]
[Site "Bratislava"]
[Date "1991.??.??"]
[Round "11"]
[White "Plachetka, Jan"]
[Black "Biolek, Richard"]
[Result "1-0"]
[WhiteElo "2425"]
[BlackElo "2360"]

1.d4 g6 2.e4 Bg7 3.Nc3 d6 4.Be3 Nc6 5.h3 e5 6.Nf3 exd4 7.Nxd4 Nge7 8.Bc4 O-O
9.O-O Kh8 10.Bb3 f5 11.exf5 Nxf5 12.Nxf5 Bxf5 13.Qd2 Qd7 14.Bh6 Rae8 15.Bxg7+ Qxg7
16.Rad1 Be6 17.Nd5 Bxd5 18.Bxd5 Qxb2 19.Rb1 Qd4 20.Qxd4+ Nxd4 21.Rxb7 c6
22.Bf7 Re5 23.Rd1 Ne2+ 24.Kh2 d5 25.Re1 a5 26.a4 Rc8 27.Ra7 Rb8 28.Rc7 Rb6
29.c4 d4 30.c5 Rb4 31.Rxc6 Kg7 32.Rc7 Kf6 33.Ba2 d3 34.Rf7+ Kg5 35.Rd7 Rxc5
36.Rxd3 Nf4 37.h4+ Kh6 38.Rd7 Nh5 39.g3 Nf6 40.Rf7 Rf5 41.Re2 Rxa4 42.Kg2 Ne4
43.Ra7 Nf6 44.Be6 Rc5 45.Rf7 Re4 46.Rxe4 Nxe4 47.g4 Re5 48.g5+ Nxg5 49.hxg5+ Rxg5+
50.Kf3 Rh5 51.Ra7 Rc5 52.Bg8 Rc8 53.Rxh7+ Kg5 54.Bd5 Rc5 55.Be4 Rc3+ 56.Kg2 a4
57.Ra7 a3 58.Ra6 Rb3 59.Bxg6  1-0

[Event "Brocco op"]
[Site "Brocco"]
[Date "1991.??.??"]
[Round "3"]
[White "Campora, Daniel H"]
[Black "Chernin, Alexander"]
[Result "0-1"]
[WhiteElo "2515"]
[BlackElo "2610"]

1.e4 d6 2.d4 g6 3.Nc3 Bg7 4.f4 Nf6 5.Nf3 c5 6.dxc5 Qa5 7.Bd3 Qxc5 8.Qe2 Bg4
9.Be3 Qa5 10.O-O O-O 11.h3 Bxf3 12.Qxf3 Nc6 13.a3 Nd7 14.Bd2 Qd8 15.Kh1 e6
16.Bc4 Nd4 17.Qd1 d5 18.exd5 Nb6 19.Ba2 exd5 20.Ne2 Nf5 21.Rf3 Nc4 22.Bc3 Nce3
23.Qd3 d4 24.Bd2 Rc8 25.c3 dxc3 26.Qxd8 Rfxd8 27.Bxc3 Re8 28.Bxg7 Kxg7 29.Nc3 h5
30.g3 Rcd8 31.Re1 Rd2 32.Bb1 Rc8 33.Bxf5 Nxf5 34.Rb1 Nd4 35.Re3 Nf5 36.Rf3 Re8
37.Kg1 Nd4 38.Rf2 Rd3 39.Rd1 Rxd1+ 40.Nxd1 Re1+ 41.Rf1 Ne2+ 42.Kf2 Rxf1+
43.Kxf1 Nxg3+ 44.Kf2 Nf5 45.Kf3 Nd6 46.Ne3 Kf6 47.a4 Ke6 48.b4 f6 49.Ke2 g5
50.Kf3 Nf5 51.Nd1 Nd4+ 52.Ke4 Ne2 53.fxg5 fxg5 54.a5 Ng3+ 55.Kd4 Nf5+ 56.Kc5 Ke5
57.b5 Nd4 58.Nf2 Ne6+ 59.Kc4 b6 60.axb6 axb6 61.Kd3 Kf4 62.Ne4  0-1

[Event "Cansys"]
[Site "Budapest"]
[Date "1991.??.??"]
[Round "2"]
[White "O'Donnell, Tom"]
[Black "Mohr, Stefan"]
[Result "1-0"]
[WhiteElo "2375"]
[BlackElo "2430"]

1.e4 g6 2.d4 d6 3.Nc3 Bg7 4.Be3 c6 5.a4 Nf6 6.Nf3 O-O 7.h3 Nbd7 8.a5 d5 9.e5 Ne8
10.Bd3 f6 11.exf6 exf6 12.O-O Rf7 13.Re1 Nf8 14.Qd2 Ne6 15.Bh6 Nd6 16.Bxg7 Nxg7
17.Na4 Bf5 18.Bxf5 Ngxf5 19.Qb4 Ne4 20.Nd2 Qd6 21.Qxd6 Nfxd6 22.Nxe4 dxe4
23.b3 f5 24.Rad1 Rc8 25.c4 Re7 26.d5 c5 27.Re2 Kf7 28.Rde1 Rec7 29.f3 Rb8
30.Nc3 exf3 31.Re6 Rd7 32.gxf3 b6 33.axb6 axb6 34.Ra1 Ne8 35.Nb5 Nc7 36.Ra7  1-0

[Event "Budapest IM"]
[Site "Budapest"]
[Date "1991.??.??"]
[Round "3"]
[White "Feher, Gyula"]
[Black "Kostic, Vladimir"]
[Result "1-0"]
[WhiteElo "2375"]
[BlackElo "2375"]

1.e4 g6 2.d4 Bg7 3.Nc3 d6 4.f4 c6 5.Nf3 Bg4 6.Be3 Qb6 7.Qd2 Nf6 8.O-O-O d5
9.e5 Nfd7 10.Qf2 a5 11.h3 Bxf3 12.Qxf3 e6 13.g4 Na6 14.f5 Nc7 15.Be2 O-O-O
16.Kb1 Qa7 17.a4 Kb8 18.Rhf1 Nb6 19.b3 Rd7 20.Bc1 Nc8 21.Ba3 b6 22.Qe3 Qb7
23.Rf3 b5 24.Bc5 b4 25.Na2 exf5 26.gxf5 gxf5 27.Bd3 f4 28.Qxf4 Ne6 29.Qg3 Rdd8
30.Rdf1 Nxc5 31.Rxf7 Rd7 32.Qxg7  1-0

[Event "Budapest IM"]
[Site "Budapest"]
[Date "1991.??.??"]
[Round "3"]
[White "Fransson, Peter"]
[Black "Vujadinovic, Goran"]
[Result "0-1"]
[WhiteElo "2250"]
[BlackElo "2360"]

1.e4 g6 2.d4 d6 3.Nc3 Bg7 4.Nf3 Nf6 5.h3 O-O 6.Be3 c6 7.a4 Qc7 8.Qc1 Nbd7
9.a5 Rb8 10.Ra3 b5 11.axb6 axb6 12.b4 Bb7 13.Bd3 Ra8 14.O-O c5 15.bxc5 bxc5
16.Nb5 Qb6 17.e5 Nd5 18.Rxa8 Bxa8 19.exd6 exd6 20.Bf4 Nb4 21.Nxd6 Nxd3 22.cxd3 cxd4
23.Re1 Bxf3 24.gxf3 Qa5 25.Re7 Nc5 26.Qc4 Qc3 27.Qd5 Nxd3 28.Nxf7 h5 29.Ng5+ Kh8
30.Nf7+ Kg8 31.Ne5+ Kh8 32.Nxg6+ Kh7 33.Qxh5+ Kg8 34.Rxg7+ Kxg7 35.Bh6+ Kf6
36.Qh4+ Ke6 37.Nxf8+ Kd5  0-1

[Event "Spring op"]
[Site "Budapest"]
[Date "1991.??.??"]
[Round "4"]
[White "Dovzik, Juri"]
[Black "Kozlov, Vladimir N"]
[Result "0-1"]
[WhiteElo "2435"]
[BlackElo "2360"]

1.e4 d6 2.d4 g6 3.Nc3 Bg7 4.f4 Nf6 5.Nf3 O-O 6.Bd3 Nc6 7.O-O Bg4 8.Be3 e5
9.dxe5 dxe5 10.h3 exf4 11.Bxf4 Nh5 12.Bh2 Bxf3 13.Qxf3 Be5 14.g4 Bxh2+ 15.Kxh2 Ne5
16.Qe3 Nf6 17.Qf4 Nfd7 18.Rad1 c6 19.Be2 Qe7 20.Rd4 Rae8 21.Rfd1 Qf6 22.Qg3 Re7
23.Rd6 Qg7 24.Qf2 b6 25.Qf4 Nc5 26.b4 Ne6 27.Qg3 b5 28.a4 a6 29.Kg2 g5 30.Kh2 Nf4
31.Bf1 Re6 32.Ne2 Nxe2 33.Bxe2 Rxd6 34.Rxd6 Re8 35.axb5 axb5 36.Qe3 h6 37.Qd4 Re6
38.Kg3 Qf6 39.Rxe6 Qxe6 40.h4 Qf6 41.hxg5 hxg5 42.Qf2 Qd6 43.Qf5 f6 44.Kf2 Kg7
45.c3 Qd2 46.Qe6 Nd3+ 47.Kg3 Qxe2  0-1